ENTREPRENEURIAL DEVELOPMENT (Record no. 8909)

MARC details
000 -LEADER
fixed length control field 00587nam a22001577a 4500
003 - CONTROL NUMBER IDENTIFIER
control field SGT
020 ## - INTERNATIONAL STANDARD BOOK NUMBER
International Standard Book Number 9788121918015
082 ## - DEWEY DECIMAL CLASSIFICATION NUMBER
Classification number 658.421,KHA
100 ## - MAIN ENTRY--PERSONAL NAME
Personal name KHANKA,S.S
245 ## - TITLE STATEMENT
Title ENTREPRENEURIAL DEVELOPMENT
260 ## - PUBLICATION, DISTRIBUTION, ETC. (IMPRINT)
Place of publication, distribution, etc NEW DELHI
Name of publisher, distributor, etc S. CHAND
Year of Publication 2015
300 ## - PAGE DESCRIPTION
No. of Pages 794
650 ## - SUBJECT ADDED ENTRY--TOPICAL TERM
Topical term or geographic name as entry element MANAGEMENT
653 ## - KEYWORDS--INDEX TERM
Keyword term ENTREPRENEUR,ENTREPRENEURSHIP,WOMEN ENTREPRENEURSHIP WOMEN ENTREPRENEURSHIP,RURAL ENTREPRENEURSHIP, TOURISM ENTREPRENEURSHIP, AGRI -PRENEURSHIP,SOCIIAL ENTREPRENEURSHLP, FAMILY BUSINESS, FACTORS AFFECTING ENTREPRENEURSHLP GRWTH, ENTRPRENEURIAL MOTIVATION
942 ## - ADDED ENTRY ELEMENTS (KOHA)
Source of classification or shelving scheme Dewey Decimal Classification
Koha item type FCM Books
942 ## - ADDED ENTRY ELEMENTS (KOHA)
-- 2
Holdings
Withdrawn status Lost status Source of classification or shelving scheme Damaged status Not for loan Collection code Home library Current library Shelving location Date acquired Vendor Name Cost, normal purchase price SGTU Bill Number Total Checkouts Full call number Accession No. (Barcode) Date last seen Date last borrowed Bill Date Koha item type
    Dewey Decimal Classification     COMMERCE MANAGEMENT SGT Science & Social Sciences Library SGT Science & Social Sciences Library Text Book 02/06/2016 KIRTI PRKASHAN 550.00 SGTU 3149 20 658.421,KHA CM1137 12/05/2018 10/05/2018   FCM Books
    Dewey Decimal Classification     COMMERCE MANAGEMENT SGT Science & Social Sciences Library SGT Science & Social Sciences Library Text Book 02/06/2016 KIRTI PRKASHAN 550.00 SGTU 3149 17 658.421,KHA CM1138 26/06/2024 25/06/2024   FCM Books
    Dewey Decimal Classification     COMMERCE MANAGEMENT SGT Science & Social Sciences Library SGT Science & Social Sciences Library Text Book 02/06/2016 KIRTI PRKASHAN 550.00 SGTU 3149 20 658.421,KHA CM1139 12/05/2018 01/05/2018   FCM Books
    Dewey Decimal Classification     COMMERCE MANAGEMENT SGT Science & Social Sciences Library SGT Science & Social Sciences Library Text Book 12/07/2016 KIRTI PRAKASHAN 550.00 SGTU 2705 27 658.421,KHA CM810 13/05/2019 23/04/2019 14/08/2015 FCM Books
    Dewey Decimal Classification     COMMERCE MANAGEMENT SGT Science & Social Sciences Library SGT Science & Social Sciences Library Text Book 12/07/2016 KIRTI PRAKASHAN 550.00 SGTU 2705 9 658.421,KHA CM811 31/07/2021 29/07/2021 14/08/2015 FCM Books
    Dewey Decimal Classification     COMMERCE MANAGEMENT SGT Science & Social Sciences Library SGT Science & Social Sciences Library Text Book 12/07/2016 KIRTI PRAKASHAN 550.00 SGTU 2705 14 658.421,KHA CM812 18/10/2021 17/07/2021 14/08/2015 FCM Books